00902 a2200241 4500952012300000999001700123020003100140050002000171100003400191245010200225250001800327300004300345336002600388337002800414338002700442504005100469650001800520650002300538650001800561650002300579700003200602942002600634 001040708NFICaMLbMLcGENd2024-01-16eDonationl0oRK361GEH2011p033071r2024-01-16 00:00:00tc.1w2024-01-16yBK c11109d11109 a9781605475738 (alk. paper)00aRK361bGEH 20111 aNield-Gehrig, Jill S.eauthor10aFoundations of periodontics for the dental hygienist /cJill S. Nield-Gehrig, Donald E. Willmann. athird edition axvi, 688 pagesbcoloured illustrations 2rdacontentatextbtxt 2rdamediaaunmediatedbn 2rdacarrieravolumebnc aIncludes bibliographical references and index. 0aPeriodontics. 0aDental hygienists.12aPeriodontics.22aDental Hygienists.1 aWillmann, Donald E.eauthor 2lcccBKh361iGEHkRK